Sportifs à Sports 2 - Statistiques

Statistiques générales
  • Ce quiz a été pris 180 fois
  • Le résultat moyen est 6 sur 10
Statistiques - réponses
Réponse % Correct
Golf
96%
Basket-Ball
94%
Judo
94%
Rugby
82%
Boxe
73%
Tennis
46%
Voile
46%
Football Américain
35%
Natation
27%
Volley-Ball
16%
Aucun quiz correspondant
Distribution des résultats
% des personnes avec chaque résultat
Percentile par nombre de réponses
Votre historique - résultats
Vous n’avez pas pris ce quiz